| 000 | 00610nam a2200217Ia 4500 | ||
|---|---|---|---|
| 003 | GCL | ||
| 008 | 140319s9999 xx 000 0 eng d | ||
| 040 |
_aGCL / _cGCL |
||
| 082 | 0 | 4 |
_a320.91724 _bC V |
| 100 | 1 | _aCOLBURN, FORREST D | |
| 245 | 1 | 0 |
_aTHE VOGUE OF THE REVOLUTION IN POOR COUNTRIES / _cCOLBURN, FORREST D |
| 260 |
_a[S.N] : _bPRINCETON UNIVERSITY PRESS ، _c1994 |
||
| 300 | _a135 P | ||
| 650 | 0 | 4 | _aECONOMIC POLICY |
| 650 | 0 | 4 | _aSOCIALISM |
| 650 | 0 | 4 | _aPOLITICAL ACTIVITIES |
| 650 | 0 | 4 | _aINTELLECTUALS |
| 650 | 0 | 4 | _aDEVELOPING COUNTRIES |
| 650 | 0 | 4 | _aPOLICY - GOVERNMENT |
| 942 |
_2ddc _cBK |
||
| 999 |
_c14019 _d14019 |
||